Представление документа в формате RUSMARC

ПолеНазваниеЗначение
  Тип записи a
  Библиографический уровень m
001 Контрольный номер 6d9449a84ee34ea58e9be505a43b2fd8
005 Дата корректировки 20140620133902.0
010 Индекс ISBN __
a ISBN 5-95630-008-6
200 Заглавие и сведения об ответственности 1_
a Заглавие Поиск и отбор персонала
e Сведения, относящиеся к заглавию Настольная кн.для предпринимателей,руководителей и специалистов кадровых служб и менеджеров
f Первые сведения об ответственности Магура М.И.
205 Сведения об издании __
b Дополнительные сведения об издании 3-е изд.,перераб.и доп.
210 Выходные данные 1_
a Место издания М.
c Издательство ООО"Журн."Управление персоналом"
d Дата издания 2003
215 Физическое описание __
a Объем 303 с.
225 Серия 2_
a Серия Б-ка журн."Управление персоналом"
610 Ключевые слова 0_
a Ключевые слова кадры
610 Ключевые слова 0_
a Ключевые слова персонал
610 Ключевые слова 0_
a Ключевые слова управление персоналом
610 Ключевые слова 0_
a Ключевые слова кадровая политика
610 Ключевые слова 0_
a Ключевые слова кадры
686 Индексы других классификаций __
a Классификационный индекс 65.9(2)240
2 Код системы rubbk
700 Автор _1
a Фамилия Магура М.И.
801 Источник записи _0
a Страна RU
b Организация РУК
c Дата составления 20040129
g Правила каталогизации PSBO
801 Источник записи _1
a Страна RU
b Организация РУК
c Дата составления 20040129
g Правила каталогизации PSBO
852 Данные о местонахождении __
i Авторский знак М12
j Шифр хранения ББК 65.9(2)24
901 Тип документа __
t Тип документа m
938 Служебная информация __
a Название организации Головной вуз
b Имя БД BOOK
c Название АИБС АИБС ИРБИС